[Event "DVM U12 2021-22"]
[Site "Naumburg"]
[Date "2022.03.27"]
[Round "5"]
[White "Zhang, Yibo"]
[Black "Lorenz, Veronika"]
[Result "0-1"]
[WhiteElo "1397"]
[BlackElo "1388"]
[Annotator "NA"]
[PlyCount "86"]
[EventDate "2022.03.25"]
[EventType "team-tourn"]
[EventRounds "7"]
[EventCountry "GER"]
[SourceTitle "playchess.com"]
[Source "ChessBase"]
[SourceQuality "1"]
[TimeControl "40/5400+30:1800+30"]

1. e4 {[%emt 0:00:03]} e5 {[%emt 0:00:06]} 2. Nf3 {[%emt 0:00:04]} Nc6 {[%emt 0:00:04]} 3. d4 {[%emt 0:00:05]} exd4 {[%emt 0:00:07]} 4. Nxd4 {[%emt 0:00:04]} Nf6 {[%emt 0:00:16]} 5. Nxc6 {[%emt 0:00:05]} bxc6 {[%emt 0:00:06]} 6. e5 {[%emt 0:00:03]} Qe7 {[%emt 0:00:09]} 7. Qe2 {[%emt 0:00:04]} Nd5 {[%emt 0:00:10]} 8. c4 {[%emt 0:00:17]} Nb6 {[%emt 0:00:06]} 9. b3 {[%emt 0:00:16]} Bb7 {[%emt 0:01:38]} 10. Nc3 {[%emt 0:02:01]} a5 {[%emt 0:04:15]} 11. a3 {[%emt 0:05:26]} Qe6 {[%emt 0:04:19]} 12. Rb1 {[%emt 0:12:02]} Ba6 {[%emt 0:07:54]} 13. f4 {[%emt 0:07:02]} a4 {[%emt 0:02:38]} 14. Nxa4 {[%emt 0:03:44]} Bxc4 {[%emt 0:01:57]} 15. bxc4 {[%emt 0:00:23]} Nxa4 {[%emt 0:04:23]} 16. Qf3 {[%emt 0:11:11]} Bc5 {[%emt 0:05:33]} 17. Bd3 {[%emt 0:02:45]} Nb6 {[%emt 0:01:52]} 18. Qe4 {[%emt 0:17:30]} Qe7 {[%emt 0:11:55]} 19. f5 {[%emt 0:11:58]} Kd8 {[%emt 0:17:32]} 20. Bb2 {[%emt 0:09:24]} Bxa3 {[%emt 0:09:41]} 21. O-O {[%emt 0:01:22]} Bxb2 {[%emt 0:00:55]} 22. Rxb2 {[%emt 0:00:29]} Re8 {[%emt 0:02:21]} 23. Re1 {[%emt 0:06:43]} Qc5+ {[%emt 0:03:00]} 24. Kh1 {[%emt 0:00:38]} Qa3 {[%emt 0:03:20]} 25. Reb1 {[%emt 0:03:09]} Qa5 {[%emt 0:02:02]} 26. Re2 {[%emt 0:01:42]} Qa3 {[%emt 0:02:34]} 27. Reb2 {[%emt 0:00:39]} Qc5 {[%emt 0:02:17]} 28. Re2 {[%emt 0:01:17]} Kc8 {[%emt 0:00:52]} 29. h3 {[%emt 0:00:29]} Ra4 {[%emt 0:00:31]} 30. Qg4 {[%emt 0:02:31]} Rxe5 {[%emt 0:05:56]} 31. Qxg7 {[%emt 0:00:20]} Rxe2 {[%emt 0:00:40]} 32. Bxe2 {[%emt 0:00:22]} Qxf5 {[%emt 0:01:25]} 33. Rb3 {[%emt 0:01:47]} Qf4 {[%emt 0:01:51]} 34. Qc3 {[%emt 0:00:39]} f6 {[%emt 0:03:36]} 35. Qb2 {[%emt 0:00:45]} Qe5 {[%emt 0:00:23]} 36. Rc3 {[%emt 0:00:37]} Nxc4 {[%emt 0:01:15]} 37. Bxc4 {[%emt 0:00:31]} Rxc4 {[%emt 0:00:05]} 38. Qa1 {[%emt 0:00:05]} Rb4 {[%emt 0:00:30]} 39. Qc1 {[%emt 0:00:54]} Re4 {[%emt 0:00:26]} 40. Rf3 {[%emt 0:00:32]} Re1+ {[%emt 0:00:08]} 41. Qxe1 {[%emt 0:30:07]} Qxe1+ {[%emt 0:30:02]} 42. Kh2 {[%emt 0:00:14]} Qe5+ {[%emt 0:00:18]} 43. Kh1 {[%emt 0:00:07]} c5 {[%emt 0:00:12]} 0-1

[Event "DVM U12 2021-22"]
[Site "Naumburg"]
[Date "2022.03.27"]
[Round "5"]
[White "Beberhold, Otto Richard"]
[Black "Moldovan, Stela"]
[Result "1-0"]
[WhiteElo "1368"]
[BlackElo "1209"]
[Annotator "NA"]
[PlyCount "79"]
[EventDate "2022.03.25"]
[EventType "team-tourn"]
[EventRounds "7"]
[EventCountry "GER"]
[SourceTitle "playchess.com"]
[Source "ChessBase"]
[SourceQuality "1"]
[TimeControl "40/5400+30:1800+30"]

1. d4 {[%emt 0:00:02]} d5 {[%emt 0:00:06]} 2. Nf3 {[%emt 0:00:05]} Nf6 {[%emt 0:00:14]} 3. e3 {[%emt 0:00:05]} e6 {[%emt 0:00:06]} 4. Bd3 {[%emt 0:00:04]} Bd6 {[%emt 0:00:07]} 5. O-O {[%emt 0:00:05]} b6 {[%emt 0:00:12]} 6. Nbd2 {[%emt 0:00:34]} Bb7 {[%emt 0:00:08]} 7. b3 {[%emt 0:00:05]} Nbd7 {[%emt 0:00:12]} 8. Bb2 {[%emt 0:00:12]} O-O {[%emt 0:02:41]} 9. Ne5 {[%emt 0:01:11]} c5 {[%emt 0:01:06]} 10. f4 {[%emt 0:00:25]} Ne4 {[%emt 0:01:37]} 11. Rf3 {[%emt 0:00:59]} cxd4 {[%emt 0:00:30]} 12. exd4 {[%emt 0:00:14]} f6 {[%emt 0:00:12]} 13. Nxd7 {[%emt 0:03:58]} Qxd7 {[%emt 0:00:48]} 14. Rh3 {[%emt 0:00:15]} Bxf4 {[%emt 0:00:55]} 15. Bxe4 {[%emt 0:00:22]} dxe4 {[%emt 0:00:25]} 16. Qe2 {[%emt 0:02:41]} f5 {[%emt 0:00:31]} 17. Rf1 {[%emt 0:00:57]} e5 {[%emt 0:01:59]} 18. Nc4 {[%emt 0:04:52]} Ba6 {[%emt 0:02:17]} 19. g3 {[%emt 0:03:24]} Bxc4 {[%emt 0:00:27]} 20. Qxc4+ {[%emt 0:00:16]} Kh8 {[%emt 0:00:16]} 21. gxf4 {[%emt 0:00:36]} Rac8 {[%emt 0:00:11]} 22. Qe2 {[%emt 0:00:43]} exd4 {[%emt 0:00:26]} 23. Qh5 {[%emt 0:03:00]} h6 {[%emt 0:00:21]} 24. Rd1 {[%emt 0:05:34]} Qe6 {[%emt 0:02:02]} 25. Bxd4 {[%emt 0:03:10]} Kh7 {[%emt 0:00:44]} 26. Rd2 {[%emt 0:01:25]} Rfd8 {[%emt 0:01:03]} 27. c3 {[%emt 0:01:39]} b5 {[%emt 0:02:03]} 28. Rg2 {[%emt 0:00:17]} Rxd4 {[%emt 0:00:34]} 29. cxd4 {[%emt 0:02:55]} Rc1+ {[%emt 0:00:12]} 30. Kf2 {[%emt 0:00:16]} Rc2+ {[%emt 0:00:07]} 31. Kg3 {[%emt 0:01:48]} Rc3+ {[%emt 0:00:58]} 32. Kh4 {[%emt 0:00:08]} Qf6+ {[%emt 0:00:28]} 33. Rg5 {[%emt 0:00:17]} Rxh3+ {[%emt 0:00:44]} 34. Kxh3 {[%emt 0:00:25]} g6 {[%emt 0:02:21]} 35. Qh4 {[%emt 0:03:11]} Qxd4 {[%emt 0:00:16]} 36. Rg3 {[%emt 0:00:35]} Qf2 {[%emt 0:00:40]} 37. Qe7+ {[%emt 0:00:17]} Kh8 {[%emt 0:00:28]} 38. Qe8+ {[%emt 0:00:04]} Kh7 {[%emt 0:00:36]} 39. Qxg6+ {[%emt 0:00:06]} Kh8 {[%emt 0:00:04]} 40. Qg7# 1-0

[Event "DVM U12 2021-22"]
[Site "Naumburg"]
[Date "2022.03.27"]
[Round "5"]
[White "Flierl, Veronika"]
[Black "Goldschmidt, Jakob"]
[Result "0-1"]
[WhiteElo "1356"]
[BlackElo "1081"]
[Annotator "NA"]
[PlyCount "130"]
[EventDate "2022.03.25"]
[EventType "team-tourn"]
[EventRounds "7"]
[EventCountry "GER"]
[SourceTitle "playchess.com"]
[Source "ChessBase"]
[SourceQuality "1"]
[TimeControl "40/5400+30:1800+30"]

1. e4 {[%emt 0:00:02]} e5 {[%emt 0:00:06]} 2. Nf3 {[%emt 0:00:04]} Nc6 {[%emt 0:00:09]} 3. Bc4 {[%emt 0:00:07]} Bc5 {[%emt 0:00:15]} 4. c3 {[%emt 0:00:10]} d6 {[%emt 0:00:15]} 5. d4 {[%emt 0:00:24]} exd4 {[%emt 0:00:09]} 6. cxd4 {[%emt 0:00:06]} Bb6 {[%emt 0:00:41]} 7. h3 {[%emt 0:14:10]} Nge7 {[%emt 0:04:09]} 8. Be3 {[%emt 0:07:47]} Ng6 {[%emt 0:05:09]} 9. O-O {[%emt 0:04:10]} h6 {[%emt 0:02:26]} 10. Nc3 {[%emt 0:01:35]} O-O {[%emt 0:01:12]} 11. Qc2 {[%emt 0:10:24]} Qf6 {[%emt 0:09:04]} 12. Nd5 {[%emt 0:07:40]} Qd8 {[%emt 0:04:29]} 13. Rfd1 {[%emt 0:06:01]} Nh4 {[%emt 0:07:46]} 14. Nxh4 {[%emt 0:04:52]} Qxh4 {[%emt 0:00:16]} 15. Nxb6 {[%emt 0:01:04]} axb6 {[%emt 0:01:27]} 16. Bb5 {[%emt 0:02:33]} Bd7 {[%emt 0:03:27]} 17. a3 {[%emt 0:02:44]} Rfe8 {[%emt 0:08:47]} 18. f3 {[%emt 0:02:34]} Ra5 {[%emt 0:09:13]} 19. Ba4 {[%emt 0:03:03]} Qg3 {[%emt 0:06:27]} 20. b4 {[%emt 0:04:22]} Raa8 {[%emt 0:04:41]} 21. Bf2 {[%emt 0:02:29]} Qg5 {[%emt 0:02:36]} 22. Kh2 {[%emt 0:00:28]} d5 {[%emt 0:17:26]} 23. e5 {[%emt 0:04:57]} Re6 {[%emt 0:02:46]} 24. b5 {[%emt 0:04:46]} Rg6 {[%emt 0:03:05]} 25. Be1 {[%emt 0:02:13]} Nxd4 {[%emt 0:02:18]} 26. Qf2 {[%emt 0:05:35]} Rxa4 {[%emt 0:02:44]} 27. f4 {[%emt 0:00:57]} Nf3+ {[%emt 0:01:28]} 28. Qxf3 {[%emt 0:00:14]} Rxf4 {[%emt 0:00:09]} 29. Qg3 {[%emt 0:00:23]} c6 {[%emt 0:01:10]} 30. Qxg5 {[%emt 0:00:25]} Rxg5 {[%emt 0:00:17]} 31. Bd2 {[%emt 0:00:42]} Rff5 {[%emt 0:01:14]} 32. Bxg5 {[%emt 0:00:10]} Rxg5 {[%emt 0:00:06]} 33. bxc6 {[%emt 0:00:20]} bxc6 {[%emt 0:00:10]} 34. Rab1 {[%emt 0:01:20]} b5 {[%emt 0:00:18]} 35. Re1 {[%emt 0:00:14]} c5 {[%emt 0:00:32]} 36. Rbd1 {[%emt 0:00:38]} d4 {[%emt 0:00:18]} 37. Re4 {[%emt 0:00:58]} Bc6 {[%emt 0:00:20]} 38. Re2 {[%emt 0:00:29]} Kf8 {[%emt 0:00:41]} 39. Rdd2 {[%emt 0:02:06]} Ke7 {[%emt 0:00:22]} 40. Kg1 {[%emt 0:02:40]} Ke6 {[%emt 0:00:26]} 41. Kf1 {[%emt 0:31:38]} Rxe5 {[%emt 0:31:05]} 42. g4 {[%emt 0:02:57]} b4 {[%emt 0:01:03]} 43. axb4 {[%emt 0:00:22]} Bb5 {[%emt 0:00:16]} 44. bxc5 {[%emt 0:00:00]} Rxe2 {[%emt 0:00:00]} 45. Rxe2+ {[%emt 0:00:00]} Bxe2+ {[%emt 0:00:00]} 46. Kxe2 {[%emt 0:00:00]} Kd5 {[%emt 0:00:00]} 47. c6 {[%emt 0:00:00]} Kxc6 {[%emt 0:00:00]} 48. Kd2 {[%emt 0:00:00]} Kd5 {[%emt 0:00:00]} 49. Kd3 {[%emt 0:00:00]} g6 {[%emt 0:00:00]} 50. h4 {[%emt 0:00:00]} f5 {[%emt 0:00:00]} 51. h5 {[%emt 0:00:00]} fxg4 {[%emt 0:00:00]} 52. hxg6 {[%emt 0:00:00]} Ke6 {[%emt 0:00:00]} 53. Kxd4 {[%emt 0:00:00]} Kf6 {[%emt 0:00:00]} 54. Ke4 {[%emt 0:00:00]} Kxg6 {[%emt 0:00:00]} 55. Kf4 {[%emt 0:00:00]} Kh5 {[%emt 0:00:00]} 56. Kg3 {[%emt 0:00:00]} Kg5 {[%emt 0:00:00]} 57. Kg2 {[%emt 0:00:00]} Kf4 {[%emt 0:00:00]} 58. Kf2 {[%emt 0:00:00]} g3+ {[%emt 0:00:00]} 59. Kg2 {[%emt 0:00:00]} Kg4 {[%emt 0:00:00]} 60. Kg1 {[%emt 0:00:00]} Kf3 {[%emt 0:00:00]} 61. Kh1 {[%emt 0:00:00]} h5 {[%emt 0:00:00]} 62. Kg1 {[%emt 0:00:00]} g2 {[%emt 0:00:00]} 63. Kh2 {[%emt 0:00:00]} Kf2 {[%emt 0:00:00]} 64. Kh3 {[%emt 0:00:00]} g1=Q {[%emt 0:00:00]} 65. Kh4 {[%emt 0:00:00]} Qg4# 0-1

[Event "DVM U12 2021-22"]
[Site "Naumburg"]
[Date "2022.03.27"]
[Round "5"]
[White "Teng, David"]
[Black "Dorendorf, Mika"]
[Result "1-0"]
[WhiteElo "1334"]
[BlackElo "1550"]
[Annotator "NA"]
[PlyCount "78"]
[EventDate "2022.03.25"]
[EventType "team-tourn"]
[EventRounds "7"]
[EventCountry "GER"]
[SourceTitle "playchess.com"]
[Source "ChessBase"]
[SourceQuality "1"]
[TimeControl "40/5400+30:1800+30"]

1. e4 {[%emt 0:00:01]} c5 {[%emt 0:00:03]} 2. Nf3 {[%emt 0:00:09]} a6 {[%emt 0:00:05]} 3. Nc3 {[%emt 0:00:14]} Nc6 {[%emt 0:00:25]} 4. d4 {[%emt 0:00:52]} cxd4 {[%emt 0:00:05]} 5. Nxd4 {[%emt 0:00:05]} Nf6 {[%emt 0:00:34]} 6. Bg5 {[%emt 0:04:31]} d6 {[%emt 0:02:56]} 7. f4 {[%emt 0:01:59]} Bg4 {[%emt 0:03:00]} 8. Qd2 {[%emt 0:01:07]} Rc8 {[%emt 0:04:36]} 9. h3 {[%emt 0:00:48]} Bd7 {[%emt 0:00:48]} 10. O-O-O {[%emt 0:02:12]} Qc7 {[%emt 0:01:27]} 11. Kb1 {[%emt 0:02:33]} Nxe4 {[%emt 0:02:12]} 12. Nxe4 {[%emt 0:03:56]} Nxd4 {[%emt 0:00:08]} 13. Bd3 {[%emt 0:01:12]} f6 {[%emt 0:02:44]} 14. Bh4 {[%emt 0:03:09]} e5 {[%emt 0:03:32]} 15. Bf2 {[%emt 0:08:08]} Ne6 {[%emt 0:01:29]} 16. fxe5 {[%emt 0:06:47]} dxe5 {[%emt 0:00:16]} 17. g3 {[%emt 0:01:11]} Bc5 {[%emt 0:01:59]} 18. Bxc5 {[%emt 0:01:27]} Nxc5 {[%emt 0:00:08]} 19. Nd6+ {[%emt 0:01:45]} Ke7 {[%emt 0:00:20]} 20. Nxc8+ {[%emt 0:02:24]} Bxc8 {[%emt 0:00:19]} 21. Qc3 {[%emt 0:03:55]} Qb6 {[%emt 0:04:28]} 22. Qa3 {[%emt 0:06:28]} Be6 {[%emt 0:01:45]} 23. g4 {[%emt 0:01:46]} g6 {[%emt 0:02:21]} 24. Be4 {[%emt 0:01:58]} Rd8 {[%emt 0:04:39]} 25. Rxd8 {[%emt 0:01:20]} Kxd8 {[%emt 0:00:05]} 26. Rd1+ {[%emt 0:01:25]} Ke8 {[%emt 0:02:53]} 27. Bd5 {[%emt 0:08:24]} Qd6 {[%emt 0:01:03]} 28. Bf3 {[%emt 0:02:09]} Qc7 {[%emt 0:00:37]} 29. Be2 {[%emt 0:04:13]} b5 {[%emt 0:02:19]} 30. Qf3 {[%emt 0:02:09]} Ke7 {[%emt 0:09:04]} 31. Bd3 {[%emt 0:06:00]} b4 {[%emt 0:03:15]} 32. Be4 {[%emt 0:02:54]} a5 {[%emt 0:01:41]} 33. Bd5 {[%emt 0:01:57]} a4 {[%emt 0:00:16]} 34. Bxe6 {[%emt 0:00:42]} Nxe6 {[%emt 0:00:07]} 35. Qe4 {[%emt 0:01:18]} Nd4 {[%emt 0:00:11]} 36. Rxd4 {[%emt 0:00:44]} Qb6 {[%emt 0:00:42]} 37. Rd1 {[%emt 0:01:38]} b3 {[%emt 0:00:10]} 38. cxb3 {[%emt 0:01:15]} axb3 {[%emt 0:00:08]} 39. a3 {[%emt 0:00:18]} Qc7 {[%emt 0:00:13]} 1-0

[Event "DVM U12 2021-22"]
[Site "Naumburg"]
[Date "2022.03.27"]
[Round "5"]
[White "Marinin, Georgii"]
[Black "Stettner, Oskar"]
[Result "1-0"]
[WhiteElo "1293"]
[BlackElo "1446"]
[Annotator "NA"]
[PlyCount "99"]
[EventDate "2022.03.25"]
[EventType "team-tourn"]
[EventRounds "7"]
[EventCountry "GER"]
[SourceTitle "playchess.com"]
[Source "ChessBase"]
[SourceQuality "1"]
[TimeControl "40/5400+30:1800+30"]

1. e4 {[%emt 0:00:01]} c6 {[%emt 0:00:15]} 2. d4 {[%emt 0:00:05]} d5 {[%emt 0:00:04]} 3. Nc3 {[%emt 0:00:07]} dxe4 {[%emt 0:00:09]} 4. Nxe4 {[%emt 0:00:17]} Nd7 {[%emt 0:00:07]} 5. Nf3 {[%emt 0:00:55]} Ngf6 {[%emt 0:00:18]} 6. Nxf6+ {[%emt 0:02:07]} Nxf6 {[%emt 0:00:13]} 7. c4 {[%emt 0:05:41]} Bg4 {[%emt 0:01:57]} 8. Be2 {[%emt 0:02:36]} e6 {[%emt 0:01:27]} 9. h3 {[%emt 0:01:09]} Bxf3 {[%emt 0:00:26]} 10. Bxf3 {[%emt 0:00:09]} Bb4+ {[%emt 0:00:47]} 11. Bd2 {[%emt 0:01:32]} Qa5 {[%emt 0:00:27]} 12. a3 {[%emt 0:03:24]} Bxd2+ {[%emt 0:01:04]} 13. Qxd2 {[%emt 0:00:06]} Qxd2+ 14. Kxd2 {[%emt 0:00:06]} O-O-O {[%emt 0:00:23]} 15. Ke3 {[%emt 0:01:06]} Rd7 {[%emt 0:01:14]} 16. Rhd1 {[%emt 0:00:26]} Rhd8 {[%emt 0:00:30]} 17. b4 {[%emt 0:04:29]} Ne8 {[%emt 0:01:26]} 18. d5 {[%emt 0:17:15]} exd5 {[%emt 0:01:13]} 19. Bg4 {[%emt 0:00:31]} dxc4 {[%emt 0:01:54]} 20. Bxd7+ {[%emt 0:00:59]} Rxd7 {[%emt 0:00:08]} 21. Rxd7 {[%emt 0:01:01]} Kxd7 {[%emt 0:00:06]} 22. Rd1+ {[%emt 0:00:41]} Kc7 {[%emt 0:00:22]} 23. Kd4 {[%emt 0:00:52]} Nd6 {[%emt 0:01:40]} 24. Ke5 {[%emt 0:01:20]} c3 {[%emt 0:02:31]} 25. Rc1 {[%emt 0:01:16]} Nc4+ {[%emt 0:00:43]} 26. Kf5 {[%emt 0:02:51]} Nxa3 {[%emt 0:01:08]} 27. Rxc3 {[%emt 0:00:19]} Nb5 {[%emt 0:00:31]} 28. Rg3 {[%emt 0:01:38]} Nd4+ {[%emt 0:01:18]} 29. Ke4 {[%emt 0:00:29]} Ne6 {[%emt 0:00:19]} 30. f4 {[%emt 0:00:54]} h6 {[%emt 0:04:14]} 31. h4 {[%emt 0:00:44]} g6 {[%emt 0:02:24]} 32. f5 {[%emt 0:02:00]} Nf8 {[%emt 0:00:53]} 33. h5 {[%emt 0:02:56]} g5 {[%emt 0:00:37]} 34. f6 {[%emt 0:01:46]} Nd7 {[%emt 0:01:21]} 35. Kf5 {[%emt 0:00:49]} b5 {[%emt 0:01:31]} 36. Re3 {[%emt 0:01:35]} c5 {[%emt 0:04:28]} 37. Re7 {[%emt 0:00:40]} cxb4 {[%emt 0:11:07]} 38. Rxf7 {[%emt 0:01:01]} b3 {[%emt 0:00:31]} 39. Ke6 {[%emt 0:02:17]} a5 {[%emt 0:01:36]} 40. Rxd7+ {[%emt 0:00:14]} Kc6 {[%emt 0:00:25]} 41. f7 {[%emt 0:30:11]} b2 {[%emt 0:30:09]} 42. Rd1 {[%emt 0:00:04]} a4 {[%emt 0:00:08]} 43. f8=Q {[%emt 0:00:11]} a3 {[%emt 0:00:16]} 44. Qxa3 {[%emt 0:00:07]} g4 {[%emt 0:00:23]} 45. Qxb2 {[%emt 0:00:24]} g3 {[%emt 0:00:18]} 46. Rd6+ {[%emt 0:00:05]} Kc7 {[%emt 0:00:42]} 47. Qxb5 {[%emt 0:00:34]} Kc8 {[%emt 0:00:06]} 48. Qc6+ {[%emt 0:00:40]} Kb8 {[%emt 0:00:13]} 49. Rd8+ {[%emt 0:00:15]} Ka7 {[%emt 0:00:02]} 50. Ra8# {[%emt 0:00:03]} 1-0

[Event "DVM U12 2021-22"]
[Site "Naumburg"]
[Date "2022.03.27"]
[Round "5"]
[White "Gulamzada, Elmir"]
[Black "Zobel, Christian"]
[Result "0-1"]
[WhiteElo "1291"]
[BlackElo "1547"]
[Annotator "NA"]
[PlyCount "108"]
[EventDate "2022.03.25"]
[EventType "team-tourn"]
[EventRounds "7"]
[EventCountry "GER"]
[SourceTitle "playchess.com"]
[Source "ChessBase"]
[SourceQuality "1"]
[TimeControl "40/5400+30:1800+30"]

1. e4 {[%emt 0:00:06]} b6 {[%emt 0:00:21]} 2. d4 {[%emt 0:00:26]} Bb7 {[%emt 0:00:11]} 3. Nc3 {[%emt 0:00:53]} e6 {[%emt 0:00:25]} 4. Bc4 {[%emt 0:01:06]} Bb4 {[%emt 0:02:02]} 5. Nge2 {[%emt 0:02:29]} Bxe4 {[%emt 0:01:37]} 6. O-O {[%emt 0:03:10]} Bb7 {[%emt 0:00:50]} 7. Bf4 {[%emt 0:03:44]} Bxc3 {[%emt 0:05:33]} 8. Nxc3 {[%emt 0:00:50]} Nf6 {[%emt 0:00:13]} 9. Re1 {[%emt 0:03:29]} O-O {[%emt 0:01:55]} 10. Qd3 {[%emt 0:03:34]} d5 {[%emt 0:06:23]} 11. Bb3 {[%emt 0:00:25]} c5 {[%emt 0:02:07]} 12. dxc5 {[%emt 0:01:17]} bxc5 {[%emt 0:00:07]} 13. Qg3 {[%emt 0:03:04]} Nh5 {[%emt 0:01:54]} 14. Qg4 {[%emt 0:01:59]} Nxf4 {[%emt 0:00:12]} 15. Qxf4 {[%emt 0:00:20]} Nc6 {[%emt 0:03:19]} 16. Rad1 {[%emt 0:05:24]} Qb8 {[%emt 0:11:14]} 17. Qxb8 {[%emt 0:05:03]} Raxb8 {[%emt 0:00:33]} 18. Ba4 {[%emt 0:02:25]} Nd4 {[%emt 0:03:30]} 19. Bb5 {[%emt 0:01:03]} Nxc2 {[%emt 0:00:33]} 20. Re2 {[%emt 0:02:32]} Nd4 {[%emt 0:00:17]} 21. Red2 {[%emt 0:00:33]} Nxb5 {[%emt 0:04:47]} 22. Nxb5 {[%emt 0:00:56]} a6 {[%emt 0:00:22]} 23. Nc3 Bc6 {[%emt 0:03:55]} 24. b3 {[%emt 0:02:31]} Rb4 {[%emt 0:01:42]} 25. Rc2 {[%emt 0:01:03]} c4 {[%emt 0:02:59]} 26. Ne2 {[%emt 0:05:00]} Bb5 {[%emt 0:03:28]} 27. Nd4 {[%emt 0:02:35]} cxb3 {[%emt 0:01:30]} 28. Nxb3 {[%emt 0:00:48]} Ba4 {[%emt 0:00:51]} 29. Rb2 {[%emt 0:01:33]} Rfb8 {[%emt 0:02:36]} 30. Rc1 {[%emt 0:00:51]} Kf8 {[%emt 0:00:27]} 31. Rc3 {[%emt 0:00:23]} Bxb3 {[%emt 0:01:14]} 32. axb3 {[%emt 0:00:06]} a5 {[%emt 0:00:08]} 33. Kf1 {[%emt 0:01:25]} a4 {[%emt 0:00:46]} 34. Ke2 {[%emt 0:00:06]} a3 {[%emt 0:01:03]} 35. Ra2 {[%emt 0:00:20]} Rxb3 {[%emt 0:00:11]} 36. Rc1 {[%emt 0:00:27]} Rb2+ {[%emt 0:00:11]} 37. Rxb2 {[%emt 0:00:21]} axb2 {[%emt 0:00:05]} 38. Rb1 {[%emt 0:00:06]} Ke7 {[%emt 0:00:12]} 39. Kd3 {[%emt 0:00:48]} Kd6 {[%emt 0:00:05]} 40. Kd4 {[%emt 0:00:32]} e5+ {[%emt 0:00:40]} 41. Kd3 {[%emt 0:30:09]} Kc5 {[%emt 0:30:08]} 42. f3 {[%emt 0:00:43]} f5 {[%emt 0:00:06]} 43. Kc3 {[%emt 0:00:56]} d4+ {[%emt 0:00:10]} 44. Kd3 {[%emt 0:00:14]} Kd5 {[%emt 0:00:24]} 45. g3 {[%emt 0:00:38]} e4+ {[%emt 0:00:06]} 46. fxe4+ {[%emt 0:00:26]} fxe4+ {[%emt 0:00:05]} 47. Kd2 {[%emt 0:00:20]} Kc4 {[%emt 0:00:05]} 48. Kc2 {[%emt 0:00:14]} d3+ {[%emt 0:00:05]} 49. Kd2 {[%emt 0:00:13]} Kd4 {[%emt 0:00:04]} 50. Kd1 {[%emt 0:00:23]} Kc3 {[%emt 0:00:09]} 51. g4 {[%emt 0:00:23]} e3 {[%emt 0:00:03]} 52. g5 {[%emt 0:00:13]} e2+ {[%emt 0:00:24]} 53. Ke1 {[%emt 0:00:15]} Rf8 {[%emt 0:00:05]} 54. Rxb2 {[%emt 0:00:24]} Rf1# 0-1

[Event "DVM U12 2021-22"]
[Site "Naumburg"]
[Date "2022.03.27"]
[Round "5"]
[White "Roth, Andreas Christian"]
[Black "Streich, Alexander"]
[Result "1-0"]
[WhiteElo "1254"]
[BlackElo "1129"]
[Annotator "NA"]
[PlyCount "99"]
[EventDate "2022.03.25"]
[EventType "team-tourn"]
[EventRounds "7"]
[EventCountry "GER"]
[SourceTitle "playchess.com"]
[Source "ChessBase"]
[SourceQuality "1"]
[TimeControl "40/5400+30:1800+30"]

1. d4 {[%emt 0:00:03]} d5 {[%emt 0:00:12]} 2. Nf3 {[%emt 0:00:08]} Nc6 {[%emt 0:00:17]} 3. c4 {[%emt 0:00:32]} dxc4 {[%emt 0:00:24]} 4. d5 {[%emt 0:01:10]} Nb4 {[%emt 0:00:27]} 5. Qa4+ {[%emt 0:00:29]} Bd7 {[%emt 0:00:34]} 6. Qxb4 {[%emt 0:00:28]} b5 {[%emt 0:00:46]} 7. e4 {[%emt 0:03:16]} e5 {[%emt 0:00:19]} 8. Qc3 {[%emt 0:02:40]} f6 {[%emt 0:00:23]} 9. Be2 {[%emt 0:01:45]} a5 {[%emt 0:00:18]} 10. O-O {[%emt 0:02:11]} Nh6 {[%emt 0:00:20]} 11. b3 {[%emt 0:04:30]} Bg4 {[%emt 0:00:31]} 12. Nbd2 {[%emt 0:04:17]} Bb4 {[%emt 0:00:50]} 13. Qc2 {[%emt 0:02:05]} c6 {[%emt 0:00:38]} 14. a3 {[%emt 0:03:36]} Bc5 {[%emt 0:00:23]} 15. bxc4 {[%emt 0:01:55]} g5 {[%emt 0:01:01]} 16. Bb2 {[%emt 0:07:48]} Qd7 {[%emt 0:00:23]} 17. cxb5 {[%emt 0:03:23]} Bxf3 {[%emt 0:00:19]} 18. Bxf3 {[%emt 0:03:25]} g4 {[%emt 0:00:29]} 19. Be2 {[%emt 0:03:06]} g3 {[%emt 0:00:44]} 20. Qxc5 {[%emt 0:05:59]} gxh2+ {[%emt 0:00:13]} 21. Kxh2 {[%emt 0:00:44]} Ng4+ {[%emt 0:00:24]} 22. Bxg4 {[%emt 0:01:12]} Qxg4 {[%emt 0:00:10]} 23. Qxc6+ {[%emt 0:00:49]} Kf7 {[%emt 0:00:09]} 24. Qe6+ {[%emt 0:00:10]} Qxe6 {[%emt 0:00:57]} 25. dxe6+ {[%emt 0:00:13]} Kxe6 {[%emt 0:00:06]} 26. Rac1 {[%emt 0:01:17]} Rag8 {[%emt 0:00:08]} 27. g3 {[%emt 0:01:21]} h5 {[%emt 0:00:06]} 28. Rg1 {[%emt 0:01:05]} h4 {[%emt 0:00:20]} 29. g4 {[%emt 0:01:49]} Rd8 {[%emt 0:00:49]} 30. Nb3 {[%emt 0:02:27]} a4 {[%emt 0:00:45]} 31. Nc5+ {[%emt 0:01:59]} Kf7 {[%emt 0:00:24]} 32. Nxa4 {[%emt 0:01:44]} Rd2 {[%emt 0:00:53]} 33. Rgf1 {[%emt 0:02:26]} Re2 {[%emt 0:00:24]} 34. Rc4 {[%emt 0:01:19]} f5 {[%emt 0:00:20]} 35. exf5 {[%emt 0:00:42]} e4 {[%emt 0:00:24]} 36. Bxh8 {[%emt 0:00:20]} e3 {[%emt 0:00:07]} 37. Bd4 {[%emt 0:00:51]} h3 {[%emt 0:00:09]} 38. Bxe3 {[%emt 0:00:33]} Kf6 {[%emt 0:00:58]} 39. Kxh3 {[%emt 0:00:34]} Rxe3+ {[%emt 0:00:16]} 40. fxe3 {[%emt 0:00:20]} Kg5 {[%emt 0:00:16]} 41. Kg3 {[%emt 0:30:44]} Kf6 {[%emt 0:30:15]} 42. Rc5 {[%emt 0:00:41]} Kg5 {[%emt 0:00:22]} 43. Rh1 {[%emt 0:00:48]} Kf6 {[%emt 0:00:10]} 44. Rh6+ {[%emt 0:00:02]} Kg5 {[%emt 0:00:30]} 45. f6+ {[%emt 0:00:47]} Kxh6 {[%emt 0:00:16]} 46. f7 {[%emt 0:00:28]} Kg7 {[%emt 0:00:31]} 47. f8=Q+ {[%emt 0:00:56]} Kh7 {[%emt 0:00:16]} 48. Qd6 {[%emt 0:00:22]} Kg7 {[%emt 0:00:17]} 49. Rc7+ {[%emt 0:00:12]} Kg8 50. Qd8# {[%emt 0:00:23]} 1-0